| 000 | 01204nam a2200313 i 4500 | ||
|---|---|---|---|
| 001 | 000031457 | ||
| 003 | DO-SdBNP | ||
| 005 | 20240409122244.0 | ||
| 007 | ta | ||
| 008 | 110622s1948 dr a 000 0 spa d | ||
| 040 |
_aDO-SdBNP _bspa _cBNPHU _erda |
||
| 082 | 4 |
_a780.97293 _bN789v _222 |
|
| 100 | 1 |
_aNolasco, Flérida de, _d1891-1976 _eautora _935151 |
|
| 245 | 1 | 0 |
_aVibraciones en el tiempo / _cFlérida de Nolasco ; semblanza de la autora por, Américo Lugo. |
| 264 |
_aCiudad Trujillo, República Dominicana : _bMontalvo, _c1948. |
||
| 300 |
_a214 páginas : _bilustraciones, retratos ; _c21 cm. |
||
| 336 |
_2rdacontent _atexto _btxt |
||
| 337 |
_2rdamedia _asin mediación _bn |
||
| 338 |
_2rdacarrier _avolumen _bnc |
||
| 500 | _aIncluye referencias bibliográficas y notas al pie de las páginas. | ||
| 504 | _aBibliografía : p. [211]-214 | ||
| 590 | _aInventariado, 2024/BT | ||
| 650 | 4 |
_aMúsica _xHistoria _zRepública Dominicana _954113 |
|
| 650 | 4 |
_aFolclor _zRepública Dominicana _9459 |
|
| 651 | 0 |
_aRepública Dominicana -- _xHistoria -- _yColonia, 1503-1844 _911397 |
|
| 700 | 1 |
_aLugo, Américo _d1870-1952 _981550 |
|
| 910 | _aValidado. Control de calidad. MMOLINA | ||
| 942 |
_2ddc _cLBS1 |
||
| 999 |
_c30949 _d30949 |
||